[Event "150 Years SG Braunschweig"]
[Site "Brunswick"]
[Date "2019.10.21"]
[Round "1.1"]
[White "Krasenkow, Michal"]
[Black "Gajek, Radoslav"]
[Result "1-0"]
[WhiteElo "2622"]
[BlackElo "2411"]
[Annotator "TA"]
[PlyCount "65"]
[EventDate "2019.10.21"]
[EventType "tourn"]
[EventCountry "GER"]
[SourceTitle "playchess.com"]
[Source "ChessBase"]
[SourceQuality "1"]

{[%evp 9,65,-4,0,0,0,7,0,8,10,-4,0,0,0,0,38,44,58,42,43,32,43,31,472,429,434,448,468,472,463,471,445,464,440,439,470,318,291,297,306,301,287,296,304,304,273,304,295,293,268,282,316,300,287,277,264,141,393,393]} 1. d4 Nf6 2. c4 e6 3. Nc3 Bb4 4. e3 O-O 5. Bd2 d5 6. Rc1 {E46: Nimzo-Indian: Rubinstein: 4 e3 0-0 5 Ne2 without early Bd3} b6 7. cxd5 exd5 8. Bd3 {The position is equal.} Bb7 9. Nf3 Re8 10. O-O Bf8 11. Ne5 $36 {[%mdl 2048] White has the initiative.} Nbd7 $146 ({Predecessor:} 11... c5 12. f4 Nc6 13. Bb5 Rc8 14. Be1 cxd4 15. exd4 a6 16. Nxc6 Bxc6 17. Bxa6 {0-1 (45) Riazantsev,A (2671)-Wojtaszek,R (2749) Doha 2016}) 12. f4 $1 c5 13. Qf3 cxd4 14. exd4 Ne4 15. Be1 f6 $2 {[%mdl 8192] [#]} (15... Ndf6 $14) 16. Qxe4 $1 $18 {[%csl Gd3][%cal Re4h7][%mdl 512]} g6 (16... dxe4 $2 {loses.} 17. Bc4+ Kh8 18. Nf7+ Kg8 19. Nxd8+) 17. Qf3 fxe5 18. fxe5 Bh6 19. Rc2 Rf8 20. Qh3 Bg5 21. Nb5 Ba6 22. Nc7 Bxd3 23. Qxd3 Rxf1+ 24. Kxf1 Nc5 25. dxc5 Qxc7 26. Qxd5+ Qf7+ 27. Qxf7+ Kxf7 28. cxb6 axb6 {KRB-KRB} 29. Rc6 Rxa2 30. e6+ ({Don't play} 30. Rxb6 Bd8 $18) 30... Ke7 31. Rxb6 Kd8 32. Bb4 ({White should play} 32. Bg3 $18) 32... Kc7 $2 {[%mdl 8192] [#]} (32... Be7 $16 33. Bxe7+ Kxe7) 33. Rb5 {Accuracy: White = 73%, Black = 54%.} 1-0

[Event "150 Years SG Braunschweig"]
[Site "Brunswick"]
[Date "2019.10.21"]
[Round "1.2"]
[White "Lubbe, Nikolas"]
[Black "Lubbe, Melanie"]
[Result "1-0"]
[WhiteElo "2431"]
[BlackElo "2242"]
[Annotator "TA"]
[PlyCount "107"]
[EventDate "2019.10.21"]
[EventType "tourn"]
[EventCountry "GER"]
[SourceTitle "playchess.com"]
[Source "ChessBase"]
[SourceQuality "1"]

{[%evp 10,107,39,37,28,17,45,39,40,27,19,10,18,22,29,9,29,5,27,25,57,51,53,31,78,73,117,140,110,116,119,117,126,96,94,72,67,58,196,211,226,202,185,199,181,189,256,193,183,116,101,102,107,0,0,0,26,44,107,116,108,112,112,112,114,114,114,113,104,108,324,320,366,366,567,560,433,433,471,430,641,626,589,589,752,358,894,873,1219,1218,1689,1201,29947,11806,29981,29982,29981,29982,29982,29983]} 1. d4 g6 2. g3 Bg7 3. Bg2 d6 4. e4 Nd7 5. Ne2 e5 6. O-O Ne7 {B06: Modern Defence} 7. dxe5 $146 ({Predecessor:} 7. Nbc3 O-O 8. f4 exd4 9. Nxd4 Nc6 10. Be3 Nb6 11. b3 Qf6 12. Nce2 Bg4 13. c3 Rae8 14. Qd2 Qe7 15. f5 Bxe2 16. Nxe2 {0-1 (60) Rozum,I (2559)-Guseinov,G (2646) Minsk 2015}) 7... dxe5 8. Be3 O-O {White is slightly better.} 9. Na3 b6 10. Qd2 Ba6 11. Rfd1 Nf6 12. Qe1 Qc8 13. c4 Qe6 14. Nc3 Ng4 15. Bg5 f6 16. Bd2 $36 {[%mdl 2048] White is pushing.} Nc6 ({Reject} 16... Bxc4 $6 17. Rac1 $18) 17. Nd5 Rf7 18. h3 {aiming for Nb5.} Nh6 19. Be3 Kh8 20. Nb5 Rc8 21. Qd2 Ng8 22. a4 Na5 23. Qc3 (23. Qc2 {keeps more tension.} c6 24. b4 Nxc4 25. Qxc4 cxb5 26. Qf1) 23... c6 (23... c5 $1 $14) 24. Nxa7 $1 $18 Nxc4 25. Nxc8 ({Weaker is} 25. Nxb6 Nxe3 26. Naxc8 Nxd1 $17) 25... cxd5 26. exd5 Qxc8 27. d6 Rd7 (27... e4 $142) 28. Bd5 Nxe3 ({But not} 28... Rxd6 $6 29. Bxc4 Rxd1+ 30. Rxd1 $16) 29. Qxc8 (29. Qxe3 $18 Qd8 30. Bc6) 29... Bxc8 $16 30. fxe3 {Be6 is the strong threat.} Rd8 31. Rac1 (31. b4 $1 $16) 31... Bd7 $11 32. b3 f5 33. Bc6 Be6 (33... Bh6 $14 34. Kf2 Nf6) 34. b4 $1 $16 Bf8 35. a5 $1 {[%cal Ra5a6]} bxa5 36. bxa5 {And now a6 would win.} Rxd6 37. Rxd6 Bxd6 38. a6 {Threatens to win with a7.} Bb8 {[#]} 39. Rc5 $1 Ne7 $2 {[#]} (39... Bf7 $16 {was called for.}) 40. Rxe5 $3 $18 {[%mdl 576] Deflection} Bxe5 41. a7 Nxc6 (41... Kg7 {was necessary.} 42. a8=Q Bxg3 43. Qa1+ Kf7) 42. a8=Q+ Nb8 43. Qa3 {Strongly threatening Qe7.} Nc6 44. Qc5 Bf7 (44... Kg7 $142 45. Qxc6 Kf7) 45. Kf2 Kg7 {intending ...Be8.} 46. Qxc6 h5 47. Qd7 (47. Kf3 $142 Bf6 48. Qd7) 47... Bf6 $2 (47... Kf6 48. g4 fxg4 49. hxg4 hxg4 50. Qxg4 Be8 51. Qf3+ Ke7 52. Qb7+ Kf6 53. Qb6+ Ke7 54. Qc5+ Bd6 55. Qg5+ Ke6) 48. Kf3 Be5 49. g4 fxg4+ 50. hxg4 hxg4+ 51. Kxg4 Kf6 52. Qd8+ {White mates.} Ke6 53. Kg5 Bg7 54. e4 {Accuracy: White = 72%, Black = 38%.} 1-0

[Event "150 Years SG Braunschweig"]
[Site "Brunswick"]
[Date "2019.10.21"]
[Round "1.3"]
[White "Ovsejevitsch, Sergei"]
[Black "Meshkovs, Nikita"]
[Result "0-1"]
[WhiteElo "2617"]
[BlackElo "2548"]
[Annotator "TA"]
[PlyCount "64"]
[EventDate "2019.10.21"]
[EventType "tourn"]
[EventCountry "GER"]
[SourceTitle "playchess.com"]
[Source "ChessBase"]
[SourceQuality "1"]

{[%evp 9,64,18,18,21,27,25,35,18,30,27,27,21,19,25,38,34,34,-10,25,-1,0,-83,-25,-85,-58,-85,-79,-114,-125,-127,-82,-100,-97,-102,-89,-101,-101,-98,-99,-137,-100,-111,-110,-110,-100,-96,0,-170,-181,-240,-253,-378,-372,-378,-371,-364,-342]} 1. Nf3 Nf6 2. c4 e6 3. d4 a6 4. Nc3 d5 5. cxd5 exd5 6. Bg5 {D37: Queen's Gambit Declined: 5 Bf4} Be6 7. e3 Nbd7 8. h3 {White is slightly better.} (8. Bd3 c6 9. Qb3 Qb6 10. Qxb6 Nxb6 11. Bxf6 gxf6 12. Nh4 a5 13. O-O-O Bb4 {1-0 (40) So,W (2767)-Demchenko,A (2655) Khanty-Mansiysk 2019}) 8... Bd6 9. Bd3 c6 10. O-O Qc7 11. Qd2 O-O 12. Bf4 Rfe8 13. b4 b5 $146 ({Predecessor:} 13... Nb6) 14. Rab1 Nb6 15. Bg5 (15. Bxd6 $11 Qxd6 16. Qe1) 15... Nfd7 (15... Nh5 $17 {Strongly threatening ...h6.} 16. e4 dxe4 17. Nxe4 Nc4 18. Bxc4 Bxc4) 16. e4 (16. Bf4 $11) 16... dxe4 17. Bxe4 Nc4 18. Qd3 h6 19. Bh4 Ndb6 {...Na3 is the strong threat.} 20. d5 cxd5 21. Nxd5 Nxd5 22. Bxd5 Bxd5 23. Qxd5 Rac8 24. Rb3 Re2 25. a3 Rce8 26. Rd3 Bf4 27. Qf5 {Threatening Rd7.} Bd6 (27... R2e6 $17 28. Bd8 Rxd8 29. Rxd8+ Qxd8 30. Qxf4 Nxa3) 28. Rfd1 $2 {[#]} (28. Qd5 $1 $11) 28... R2e6 $19 {aiming for ...g6.} 29. Rc3 (29. Rd5 {is a better defense.}) 29... g5 30. Qg4 (30. Bxg5 $142 hxg5 31. Qxg5+ Rg6 32. Qf5) 30... Re4 {Black is winning.} 31. Qh5 gxh4 32. Qxh6 Qe7 {Accuracy: White = 60%, Black = 65%.} 0-1

[Event "150 Years SG Braunschweig"]
[Site "Brunswick"]
[Date "2019.10.21"]
[Round "1.4"]
[White "Pajeken, Jakob Leon"]
[Black "Reuker, Jari"]
[Result "0-1"]
[WhiteElo "2323"]
[BlackElo "2394"]
[Annotator "NA"]
[PlyCount "80"]
[EventDate "2019.10.21"]
[EventType "tourn"]
[EventCountry "GER"]
[SourceTitle "playchess.com"]
[Source "ChessBase"]
[SourceQuality "1"]
[TimeControl "40/5400+30:900+30"]

1. d4 {[%emt 0:00:00]} Nf6 {[%emt 0:00:00]} 2. c4 {[%emt 0:00:00]} g6 {[%emt 0:00:05]} 3. g3 {[%emt 0:00:00]} Bg7 {[%emt 0:00:08]} 4. Bg2 {[%emt 0:00:00]} O-O {[%emt 0:00:57]} 5. Nc3 {[%emt 0:00:21]} d6 {[%emt 0:00:35]} 6. Nf3 {[%emt 0:00:07]} Nc6 {[%emt 0:01:48]} 7. O-O {[%emt 0:00:24]} a6 {[%emt 0:00:16]} 8. b3 {[%emt 0:00:13]} Rb8 {[%emt 0:06:03]} 9. d5 {[%emt 0:00:26]} Na5 {[%emt 0:02:59]} 10. Bg5 {[%emt 0:00:12]} h6 {[%emt 0:07:24]} 11. Bd2 {[%emt 0:00:04]} c5 {[%emt 0:03:49]} 12. dxc6 {[%emt 0:00:05]} Nxc6 {[%emt 0:03:30]} 13. Rc1 {[%emt 0:00:22]} Bf5 {[%emt 0:04:57]} 14. Ne1 {[%emt 0:00:11]} Qd7 {[%emt 0:04:03]} 15. Nd5 {[%emt 0:07:57]} Ne4 {[%emt 0:18:29]} 16. Be3 {[%emt 0:01:20]} g5 {[%emt 0:08:00]} 17. b4 {[%emt 0:26:12]} e6 {[%emt 0:02:40]} 18. Nb6 {[%emt 0:01:27]} Qe7 {[%emt 0:01:53]} 19. Nd3 {[%emt 0:25:53]} Rfd8 {[%emt 0:04:05]} 20. b5 {[%emt 0:03:35]} axb5 {[%emt 0:01:34]} 21. cxb5 {[%emt 0:00:17]} Nd4 {[%emt 0:02:23]} 22. a4 {[%emt 0:04:46]} d5 {[%emt 0:19:18]} 23. f3 {[%emt 0:04:04]} Qa3 {[%emt 0:01:09]} 24. fxe4 {[%emt 0:05:52]} dxe4 {[%emt 0:00:02]} 25. Nc4 {[%emt 0:00:22]} Qa2 {[%emt 0:01:25]} 26. Nb4 {[%emt 0:04:44]} Nxe2+ {[%emt 0:01:04]} 27. Kh1 {[%emt 0:00:10]} Rxd1 {[%emt 0:01:11]} 28. Nxa2 {[%emt 0:01:15]} Nxc1 {[%emt 0:00:30]} 29. Nxc1 {[%emt 0:01:40]} Rbd8 {[%emt 0:01:34]} 30. Nb3 {[%emt 0:02:45]} Bg4 {[%emt 0:00:58]} 31. Nc5 {[%emt 0:01:45]} Be2 {[%emt 0:00:29]} 32. Kg1 {[%emt 0:05:41]} Bxc4 {[%emt 0:00:20]} 33. Rxd1 {[%emt 0:00:24]} Rxd1+ {[%emt 0:00:02]} 34. Kf2 {[%emt 0:00:04]} f5 {[%emt 0:01:12]} 35. Nxb7 {[%emt 0:01:26]} Ra1 {[%emt 0:00:54]} 36. Nc5 {[%emt 0:01:30]} Ra2+ {[%emt 0:00:06]} 37. Kg1 {[%emt 0:00:04]} Ra1+ {[%emt 0:00:02]} 38. Kf2 {[%emt 0:00:05]} Bc3 {[%emt 0:00:23]} 39. b6 {[%emt 0:02:29]} Be1+ {[%emt 0:00:18]} 40. Kg1 {[%emt 0:00:05]} Ba5+ {[%emt 0:01:39]} 0-1

[Event "150 Years SG Braunschweig"]
[Site "Brunswick"]
[Date "2019.10.21"]
[Round "1.5"]
[White "Buckels, Valentin"]
[Black "Olsen, Filip Boe"]
[Result "1-0"]
[WhiteElo "2442"]
[BlackElo "2380"]
[Annotator "NA"]
[PlyCount "65"]
[EventDate "2019.10.21"]
[EventType "tourn"]
[EventCountry "GER"]
[SourceTitle "playchess.com"]
[Source "ChessBase"]
[SourceQuality "1"]
[TimeControl "40/5400+30:900+30"]

1. d4 {[%emt 0:00:00]} Nf6 {[%emt 0:00:00]} 2. Nf3 {[%emt 0:00:00]} d5 {[%emt 0:00:00]} 3. Bf4 {[%emt 0:01:30]} c5 {[%emt 0:00:15]} 4. e3 {[%emt 0:00:17]} Nc6 {[%emt 0:00:24]} 5. Nbd2 {[%emt 0:00:18]} cxd4 {[%emt 0:01:26]} 6. exd4 {[%emt 0:00:14]} Bf5 {[%emt 0:00:24]} 7. c3 {[%emt 0:00:25]} e6 {[%emt 0:00:38]} 8. Qb3 {[%emt 0:00:39]} Bd6 {[%emt 0:03:07]} 9. Qxb7 {[%emt 0:03:03]} Bxf4 {[%emt 0:06:24]} 10. Qxc6+ {[%emt 0:00:13]} Kf8 {[%emt 0:00:58]} 11. Ne5 {[%emt 0:01:31]} Rb8 {[%emt 0:16:57]} 12. Qc5+ {[%emt 0:16:04]} Kg8 {[%emt 0:03:11]} 13. Qxa7 {[%emt 0:00:45]} Qe8 {[%emt 0:21:06]} 14. Ndf3 {[%emt 0:20:15]} Rxb2 {[%emt 0:10:12]} 15. Bd3 {[%emt 0:02:48]} Ne4 {[%emt 0:06:48]} 16. O-O {[%emt 0:03:43]} h6 {[%emt 0:12:22]} 17. Rab1 {[%emt 0:06:43]} Rxb1 {[%emt 0:00:48]} 18. Rxb1 {[%emt 0:00:15]} Kh7 {[%emt 0:02:17]} 19. Rb7 {[%emt 0:16:13]} Qa8 {[%emt 0:06:52]} 20. g4 {[%emt 0:05:56]} Qxa7 {[%emt 0:02:35]} 21. Rxa7 {[%emt 0:00:08]} Bg6 {[%emt 0:00:09]} 22. Nxg6 {[%emt 0:06:36]} fxg6 {[%emt 0:00:25]} 23. Nh4 {[%emt 0:01:38]} Rc8 {[%emt 0:02:04]} 24. c4 {[%emt 0:01:31]} Bg5 {[%emt 0:01:01]} 25. Nf3 {[%emt 0:01:26]} Bf6 {[%emt 0:00:15]} 26. c5 {[%emt 0:00:33]} Ng5 {[%emt 0:01:42]} 27. Nxg5+ {[%emt 0:04:52]} hxg5 {[%emt 0:00:26]} 28. Ba6 {[%emt 0:00:33]} Rc6 {[%emt 0:00:39]} 29. Bb5 {[%emt 0:00:34]} Rc8 {[%emt 0:00:11]} 30. Bd7 {[%emt 0:02:15]} Rf8 {[%emt 0:00:53]} 31. Ra3 {[%emt 0:01:52]} Bxd4 {[%emt 0:00:29]} 32. Rh3+ {[%emt 0:00:15]} Kg8 {[%emt 0:00:09]} 33. Bxe6+ {[%emt 0:00:05]} 1-0

[Event "150 Years SG Braunschweig"]
[Site "Brunswick"]
[Date "2019.10.22"]
[Round "2.1"]
[White "Gajek, Radoslaw"]
[Black "Olsen, Filip Boe"]
[Result "1-0"]
[WhiteElo "2411"]
[BlackElo "2380"]
[Annotator "TA"]
[PlyCount "117"]
[EventDate "2019.10.21"]
[EventType "tourn"]
[EventCountry "GER"]
[SourceTitle "playchess.com"]
[Source "ChessBase"]
[SourceQuality "1"]

{[%evp 9,117,8,25,28,16,14,16,0,0,-1,15,14,41,19,20,22,14,15,25,-12,-16,-38,16,12,13,9,35,6,9,20,19,3,4,10,19,0,0,0,0,0,0,3,24,34,66,12,54,0,0,0,0,0,71,0,68,0,0,0,30,26,32,0,0,0,0,0,0,0,0,0,0,0,8,0,0,0,8,8,8,8,32,44,41,0,41,31,40,40,33,47,60,58,631,590,575,546,475,475,5365,4246,2777,2259,29981,29982,29982,29983,29987,29988,29989,855]} 1. e4 c5 2. Nf3 d6 3. d4 cxd4 4. Qxd4 Nc6 5. Qe3 Nf6 6. Be2 {B53: Sicilian: 2...d6: Lines with Qxd4} g6 7. O-O Bg7 8. c4 {The position is equal.} (8. h3 O-O 9. c4 b6 10. Rd1 Nd7 11. Nc3 Bb7 12. b3 Nb4 {0-1 (37) Anand,V (2764)-Vachier Lagrave,M (2775) Paris 2019}) 8... O-O 9. Nc3 a5 10. Rd1 $146 ({Predecessor:} 10. Rb1 a4 11. b3 axb3 12. axb3 Nb4 {½-½ (43) Matosevic,I (1948)-Nikolovski,N (2218) Porec 2015}) 10... Ng4 11. Qd2 a4 12. h3 Nge5 13. Nxe5 Bxe5 14. f4 Bg7 15. Qe3 Qa5 ({Black should try} 15... e5 $1 $15) 16. Nb5 $11 Qb4 17. Rb1 Qc5 18. Qxc5 dxc5 19. Be3 b6 20. e5 {And now Bf3 would win.} Bf5 21. Rbc1 g5 22. Bf3 Rac8 23. Bxc6 Rxc6 24. Nc3 gxf4 25. Bxf4 Rg6 26. Kh2 a3 27. bxa3 (27. b3 $1 $14) 27... Ra8 28. g4 (28. Nd5 $14 Kf8 29. Nc7) 28... Be6 29. Nd5 Bxd5 $1 30. Rxd5 Rxa3 (30... Re6 $11) 31. Rd8+ $16 Bf8 32. Rcd1 (32. Rc2 $14) 32... Rxa2+ $11 33. Kg3 f6 34. e6 Ra3+ 35. Kh4 Rf3 36. Rb8 {White wants to play Rdd8!} Rxf4 37. Rdd8 Kg7 {Strongly threatening ...Rf3.} 38. Rxf8 {[%mdl 4096] Endgame KRR-KRR} Re4 39. Rf7+ {[%mdl 64] [#] Double Attack} Kh6 40. Rxe7 Rg7 $132 {[%mdl 2048] Black is fighting back} 41. Ree8 Rg5 42. Kg3 Re3+ 43. Kf4 Rge5 44. Rxb6 Kg7 45. Rb7+ Kg6 $1 {[%csl Ge3][%cal Re5e4]} 46. Rg8+ Kh6 47. Rgg7 R5e4+ $1 48. Kf5 {[%csl Gb7][%cal Rg7h7]} Re5+ 49. Kxf6 {[%csl Gb7][%cal Rg7h7]} Rxe6+ 50. Kf7 $1 {Black must now prevent h4.} Rf6+ $2 {[%mdl 8192]} (50... Rc6 $14) 51. Kxf6 $18 {[%csl Gb7][%cal Rg7h7]} Re6+ {[#]} 52. Kf7 $1 {g5+ would kill now.} Rf6+ 53. Ke7 {White threatens g5+ and mate.} Re6+ (53... Kxg7 $142 54. Rc7 Kg6 55. Rxc5 Rf4) 54. Kd7 {White wants to mate with g5+.} Rd6+ 55. Kc8 Rd8+ 56. Kc7 {White mates.} Rc8+ 57. Kb6 Rc6+ 58. Kb5 Rb6+ 59. Rxb6+ {Accuracy: White = 63%, Black = 46%.} 1-0

[Event "150 Years SG Braunschweig"]
[Site "Brunswick"]
[Date "2019.10.22"]
[Round "2.2"]
[White "Reuker, Jari"]
[Black "Buckels, Valentin"]
[Result "1/2-1/2"]
[WhiteElo "2394"]
[BlackElo "2442"]
[Annotator "TA"]
[PlyCount "74"]
[EventDate "2019.10.21"]
[EventType "tourn"]
[EventCountry "GER"]
[SourceTitle "playchess.com"]
[Source "ChessBase"]
[SourceQuality "1"]

{[%evp 9,74,20,19,20,24,21,22,18,24,23,35,32,26,25,35,22,27,30,78,69,80,50,85,77,89,84,116,113,161,110,126,124,122,107,104,69,62,72,114,11,62,75,75,34,22,9,6,0,0,0,0,0,0,-90,-46,-55,-54,-74,-74,-81,-55,-59,0,0,2,4,0]} 1. c4 e6 2. Nc3 d5 3. d4 a6 4. cxd5 exd5 5. Nf3 h6 (5... Nf6 6. Bg5 Be6 7. e3 Nbd7 8. Bd3 c6 9. Qb3 Qb6 10. Qxb6 Nxb6 11. Bxf6 gxf6 12. Nh4 a5 13. O-O-O Bb4 {1-0 (40) So,W (2767)-Demchenko,A (2655) Khanty-Mansiysk 2019}) 6. Bf4 {D31: Queen's Gambit Declined: Semi-Slav without ...Nf6 (+ Marshall Gambit and Noteboom) and Exchange Variation lines without ...Nf6} Nf6 7. e3 Bd6 8. Be5 c6 9. Bd3 Qe7 10. h3 O-O 11. O-O $146 {[%mdl 2048] White is pushing.} ({Predecessor:} 11. Bxd6 Qxd6 12. Ne5 Nbd7 13. f4 {0-1 (51) Sahoo,U (2329)-Liyanage,R (1956) Ahmedabad 2019}) 11... Be6 12. Qb3 {aiming for Bxf6.} b5 13. a4 {[%cal Ra4b5]} Nbd7 14. axb5 axb5 15. Qc2 Rfc8 16. Ne2 Rxa1 17. Rxa1 Nb6 18. Nf4 Bxe5 19. Nxe5 (19. dxe5 $18 Nfd7 20. Ra7) 19... c5 $16 20. Bxb5 {Hoping for Nc6.} cxd4 21. Nc6 {[%mdl 64] [#] Double Attack} Qb7 {Black wants to play ...dxe3.} 22. Nxe6 fxe6 23. exd4 {Qc5 is the strong threat.} Kh8 {[#]} 24. b3 (24. f3 $1 $16) 24... Nbd7 (24... Ne4 $1 $11) 25. Na5 $1 $14 {[%cal Ra5b7]} Qb8 26. Qe2 {Threatens to win with Nc6.} Qb6 27. Bxd7 (27. b4 {is more complex.} Qxd4 28. Qe1 Qb6 29. Bf1 e5 30. b5) 27... Nxd7 28. Qd2 Nf6 $1 29. b4 Ne4 30. Qb2 Nc3 31. b5 (31. Re1 $11 {remains equal.}) 31... Qxb5 32. Qxb5 Nxb5 $17 {KRN-KRN} 33. Nb3 Rc3 34. Rb1 Na3 35. Rb2 Kh7 (35... Nc2 $1 $15) 36. Nc5 $11 e5 37. Ne6 Rc6 {Accuracy: White = 63%, Black = 44%.} 1/2-1/2

[Event "150 Years SG Braunschweig"]
[Site "Brunswick"]
[Date "2019.10.22"]
[Round "2.3"]
[White "Meshkovs, Nikita"]
[Black "Pajeken, Jakob Leon"]
[Result "1-0"]
[WhiteElo "2548"]
[BlackElo "2323"]
[Annotator "TA"]
[PlyCount "53"]
[EventDate "2019.10.21"]
[EventType "tourn"]
[EventCountry "GER"]
[SourceTitle "playchess.com"]
[Source "ChessBase"]
[SourceQuality "1"]

{[%evp 9,53,6,11,0,2,0,0,-6,0,0,0,0,0,-14,0,-2,0,0,0,0,41,20,27,29,106,0,169,166,399,401,375,370,813,793,6379,6379,5406,5406,29966,29967,5305,29963,29963,5297,2060,2032]} 1. Nf3 d5 2. g3 Nf6 3. Bg2 Nbd7 4. d4 b5 5. Qd3 $146 ({Predecessor:} 5. a4 b4 6. c4 bxc3 7. Nxc3 e6 8. O-O Bb7 9. Bf4 a6 10. Rc1 Be7 11. b4 Bxb4 {1-0 (32) Mikhalevski,V (2579)-Riazantsev,A (2649) St Petersburg 2018}) 5... a6 6. a4 {D02: 1 d4 d5 2 Nf3 sidelines, including 2...Nf6 3 g3 and 2...Nf6 3 Bf4} b4 7. a5 e6 8. c4 {The position is equal.} bxc3 9. bxc3 c5 10. O-O Bb7 11. Ne5 c4 12. Qe3 Nxe5 13. dxe5 Nd7 $1 14. Ba3 Qxa5 15. Bxf8 $1 Qxa1 16. Bd6 {aiming for Na3.} Qa4 (16... h6 $11 {keeps the balance.}) 17. Na3 $40 {[%mdl 128] White mounts an attack.} (17. Qg5 $16 {[%csl Gd6][%cal Rg5e7]} f6 18. Qxg7) 17... Qc6 $2 {[#]} (17... h6 $11 {and Black is okay.}) 18. Rb1 $1 $18 ({Not} 18. Qg5 f6 $17) 18... f6 $2 {[#]} (18... h6) 19. Nxc4 $1 {[%mdl 576] Pin} Nxe5 (19... Qxc4 20. Rxb7) 20. Bxe5 Qxc4 $2 (20... fxe5 21. Na5 (21. Nxe5 Qc7 $14) 21... Qc8 22. Rxb7 O-O 23. Qxe5 Rf6) 21. Rxb7 {White wants to mate with Bxf6!} O-O {[#]} 22. Rxg7+ $1 {[%mdl 512]} Kxg7 23. Qg5+ $1 Kf7 24. Qxf6+ Ke8 25. Qxe6+ {[%mdl 64] Double Attack} Kd8 26. Qd6+ (26. Bxd5 $142 Qc5 27. Bd4 Qxd4 28. Qd6+ Ke8 29. cxd4 Rc8 30. Qxa6 Ke7 31. e4) 26... Ke8 27. Bxd5 {Accuracy: White = 56%, Black = 20%.} 1-0

[Event "150 Years SG Braunschweig"]
[Site "Brunswick"]
[Date "2019.10.22"]
[Round "2.4"]
[White "Lubbe, Melanie"]
[Black "Ovsejevitsch, Sergei"]
[Result "1-0"]
[WhiteElo "2242"]
[BlackElo "2617"]
[Annotator "TA"]
[PlyCount "99"]
[EventDate "2019.10.21"]
[EventType "tourn"]
[EventCountry "GER"]
[SourceTitle "playchess.com"]
[Source "ChessBase"]
[SourceQuality "1"]

{[%evp 19,99,43,41,33,67,51,52,27,61,26,79,82,78,89,75,36,30,12,193,184,256,253,261,249,232,25,122,0,0,0,0,0,171,31,35,32,231,224,387,362,362,353,348,220,153,116,76,8,8,0,0,0,0,0,0,-314,0,0,366,213,213,223,463,464,443,452,452,444,902,847,5834,5834,5545,5834,5281,5184,5065,4372,811,3565,1716,689]} 1. e4 c5 2. Nf3 d6 3. d4 cxd4 4. Nxd4 Nf6 5. Nc3 Nc6 6. Bg5 e6 7. Qd2 a6 8. O-O-O Bd7 9. f3 h6 10. Be3 Qc7 11. h4 {B66: Sicilian: Richter-Rauzer: 7...a6 8 0-0-0 h6} Ne5 12. g4 b5 {Black wants to play ...b4.} 13. Be2 {White is slightly better.} g6 14. g5 {[#]} Nh5 $146 (14... hxg5 $11 15. hxg5 {[%mdl 64] Discovered Attack} Rxh1 16. Rxh1 Nh5) ({Predecessor:} 14... hxg5 15. hxg5 Rxh1 16. Rxh1 Nh5 17. Kb1 Ng3 18. Rh7 Nc4 19. Bxc4 Qxc4 20. b3 Qf1+ 21. Kb2 a5 22. Rh8 a4 23. Ndxb5 Bxb5 24. Nxb5 axb3 25. Nxd6+ Kd7 26. Nf5+ {1-0 (26) Anand,V (2765)-Dreev,A (2650) Linares 1997}) 15. f4 $16 (15. gxh6 b4 $15) 15... Nc4 16. Bxc4 $1 Qxc4 17. b3 Qc7 18. f5 gxf5 $2 (18... Rc8 $11 19. Nde2 hxg5) 19. exf5 $18 O-O-O (19... e5 {was called for.}) 20. fxe6 (20. gxh6 e5 $11) 20... fxe6 21. Rhf1 $1 (21. gxh6 e5 $14) 21... d5 22. Nde2 $2 (22. gxh6 $6 Bb4 $16) ({White should play} 22. Rf7 $18 Qa5 23. gxh6) 22... b4 (22... hxg5 $1 $11 {remains equal.} 23. Bxg5 (23. hxg5 Be8 $11) 23... Ba3+ 24. Kb1 Rdf8) 23. Nxd5 (23. Na4 $16 {aiming for Rf7.} Bxa4 24. bxa4) 23... exd5 $11 24. Qxd5 {Black must now prevent g6.} Qc6 $1 {[%cal Rc6d5]} 25. Qf7 ({Of course not} 25. Qa5 Qb5 $17) 25... hxg5 $2 (25... Re8 $11 {and Black is okay.} 26. Nd4 Qe4) 26. Bxg5 ({White has to play} 26. Nd4 $1 $18 {[%cal Rd4c6]} Qd6 27. Qc4+ (27. Bxg5 Re8 $11) 27... Kb7 28. Nf3) 26... Re8 $14 27. Nd4 $1 {[%cal Rd4c6]} Qc7 $2 ({Black should try} 27... Qc3 $14 28. Qd5 Qa1+ 29. Kd2 Qc3+ 30. Kc1 Qa1+ 31. Kd2 Qc3+ 32. Kc1) 28. Qd5 $1 $18 {Threatens to win with Rf7.} Rh7 $2 (28... Qd6 29. Qh1 (29. Qa8+ Qb8 $14) 29... Kb8) 29. Qa8+ Qb8 30. Qxa6+ Qb7 31. Qg6 Rh8 32. Rf7 Bc5 33. Qd3 $40 {[%mdl 128] White mounts an attack.} (33. Nf3 $16 Qc6 34. Qd3) 33... Rhf8 $11 34. Rh7 {Hoping for Qc4.} Nf6 35. Bxf6 Rxf6 36. Qc4 Re5 $1 {...Rd6 is the strong threat.} 37. Rg1 $2 {[%mdl 8192]} (37. Rh8+ $11 Kc7 38. Rh7) 37... Kb8 $2 (37... Qd5 $1 $19 {[%cal Rd5d4]} 38. Rg8+ Kc7) 38. Rg8+ $1 Rf8 $2 {[%mdl 8192] [#]} (38... Kc7 $11 {and Black stays safe.}) 39. Rxf8+ (39. Rxd7 $142 $1 {[%mdl 512] Threatening mate with Nc6+!} Re1+ (39... Qxd7 40. Rxf8+) 40. Kd2 Qxd7 41. Rxf8+ (41. Kxe1 Qe8+ 42. Kd2 Rxg8 $16) (41. Qxc5 Rxg8 42. Kxe1 Qe8+ 43. Kd2 Rg2+ 44. Kc1 Qe1+ 45. Kb2 Rg1 $16) 41... Bxf8 42. Kxe1) 39... Bxf8 $18 {[#]} 40. Rxd7 $1 {[%mdl 576] Intending Nc6+ and mate. Remove Defender} Qxd7 $2 (40... Re1+ {might work better.} 41. Kd2 Bh6+ 42. Kxe1 Qh1+ 43. Qf1 Qxh4+ 44. Qf2 Qh1+ 45. Qf1 Qh4+ 46. Qf2 Qh1+ 47. Ke2 Qe4+ 48. Kf1 Qh1+ 49. Qg1 Qh3+ 50. Ke2 Qxd7 51. Qh2+ Kb7 52. Qxh6 Qxd4) 41. Nc6+ {[%mdl 64] Double Attack. White is clearly winning.} Kb7 {( -> ...Re1+)} 42. Nxe5 Bh6+ 43. Kb2 Bg7 (43... Qd6 $142 44. Nd3 Qf6+ 45. c3 bxc3+ 46. Kc2 Kb8) 44. Qxb4+ Ka6 45. Qa4+ Qxa4 46. bxa4 Bxe5+ 47. Kb3 Ka5 48. Kc4 Kxa4 49. h5 Bg7 50. Kd5 {Accuracy: White = 49%, Black = 29%.} (50. Kc5 $142 Bc3 51. h6) 1-0